| 000 | 01736nam a2200397 i 4500 | ||
|---|---|---|---|
| 999 |
_c2481 _d2481 |
||
| 003 | OSt | ||
| 005 | 20230602144536.0 | ||
| 008 | 170830s2017 maua j 000 1 eng d | ||
| 020 | _a9780544867079 | ||
| 040 |
_aKYC _beng _erda _dBTCTA _dYDXCP _dJAO _dSINLB _dOCLCO _dFMG _dOJ4 _dVTL _dIHX _dTXMCL _dOCLCF _dDAD _dDLC _dKH8 _cCaOL |
||
| 082 | _a800 REY | ||
| 100 | 1 |
_aRey, Margret, _ecreator. |
|
| 245 | 1 | 0 |
_aCurious George museum mystery : _bcurious about sequence / _cadaptation by Anna Meier ; based on the TV series teleplay written by Joe Fallon. |
| 246 | 3 | 0 | _aMuseum mystery. |
| 264 | 1 |
_aBoston, [MA] : _bHoughton Mifflin Harcourt, _c[2017] |
|
| 300 |
_a1 volume (unpaged) : _bcolour illustrations ; _c21 cm. |
||
| 336 |
_atext _2rdacontent. |
||
| 336 |
_astill image _2rdacontent. |
||
| 337 |
_aunmediated _2rdamedia. |
||
| 338 |
_avolume _2rdacarrier. |
||
| 500 | _a"PBS Kids"--Cover. | ||
| 500 | _a"Activities inside!"--Cover. | ||
| 520 | _aHelping the science museum unveil a new dinosaur skeleton, George notices that the specimen is missing one bone, so he teams up with the man with the yellow hat to retrace their steps and discover where the bone went missing. | ||
| 650 | 0 |
_aCurious George (Fictitious character) _vJuvenile fiction. |
|
| 650 | 0 |
_aMonkeys _vJuvenile fiction. |
|
| 650 | 0 |
_aDinosaurs _vJuvenile fiction. |
|
| 650 | 0 |
_aFossils _vJuvenile fiction. |
|
| 650 | 0 |
_aLost articles _vJuvenile fiction. |
|
| 650 | 0 |
_aDetective and mystery fiction. _2genre. |
|
| 700 | 1 |
_aRey, H. A. _q(Hans Augusto), _d1898-1977, _ecreator. |
|
| 700 | 1 |
_aMeier, Anna, _eauthor. |
|
| 700 | 1 |
_aFallon, Joe, _escreenwriter. |
|
| 710 | 2 |
_aPBS for Kids, _ebroadcaster. |
|
| 730 | 0 | _aCurious George (Television program) | |
| 942 |
_2ddc _cFIC |
||